00883nam a2200217Ia 4500003000900000008004100009020001800050040001600068080002200084111008600106245022300192260006100415300001500476490003400491650001600525650001400541650002200555700002300577700002500600710004000625IN-BaIIA211028s9999 xx 000 0 eng d a1-58381-203-2 cIIA Library a082.2:52bASP-337 aMeeting on the Nature and Evolution of Disks Around Hot StarscUSAd2004 July 7-9 4aThe nature and evolution of disks around hot starsbproceedings of a meeting held in Johnson City, Tennessee, USA, 7-9 Jul 2004cedited by Richard Ignace and K. G. Gayley  aSan FranciscobAstronomical Society of the Pacificc2005 axiv, 358p. aASP conference series; v. 337 aEarly stars aHot stars aStars - evolution aGayley, K. G., ed. aIgnace, Richard, ed. aAstronomical Society of the Pacific